Er war sechzehn, als man ihn haengte : das kurze Leben des Widerstandskaempfers Bartholomaeus Schink
Αποθηκεύτηκε σε:
| Κύριος συγγραφέας: | |
|---|---|
| Μορφή: | Βιβλίο |
| Γλώσσα: | German |
| Δημοσίευση: |
Muenchen :
Klett,
1985
|
| Σειρά: | Lesen leicht gemacht ;
; 55932 |
| Θέματα: | |
| Ετικέτες: |
Προσθήκη ετικέτας
Δεν υπάρχουν, Καταχωρήστε ετικέτα πρώτοι!
|
MARC
| LEADER | 00000nam a2200000 i 4500 | ||
|---|---|---|---|
| 001 | 1/85158 | ||
| 008 | 980318s1985 ger d | ||
| 020 | |a 3-12-559320-4 | ||
| 035 | |a 1997 |b 3 |c Μπερζαμάνη |l 10034627 | ||
| 040 | |a GR-MY-UA |b gre |e aacr | ||
| 041 | 0 | |a ger | |
| 082 | 0 | |a 940.5343 | |
| 100 | 1 | |a Goed, Alexander. | |
| 245 | 1 | 0 | |a Er war sechzehn, als man ihn haengte : |b das kurze Leben des Widerstandskaempfers Bartholomaeus Schink / |c Alexander Goeb |
| 260 | |a Muenchen : |b Klett, |c 1985 | ||
| 300 | |a 110 p. | ||
| 490 | 1 | |a Lesen leicht gemacht |v ; 55932 | |
| 600 | 1 | 0 | |a Schink Bartholomaus |d 1928-1944. |
| 650 | 0 | 0 | |a Guerrillas |z Germany |z Cologne |x Biography. |
| 650 | 0 | 0 | |a Anti-Nazi movement |z Germany |z Cologne. |
| 651 | 0 | |a Cologne (Germany) |x Biography. | |
| 830 | 0 | |a Lesen leicht gemacht ; |v ; 55932 | |
| 852 | |a INST |b RHODES |e 19980318 |h 940.5343 GOE |p 005400010973 |q 005400010973 |t BK |y 0 | ||
| 901 | |a BIBL-1998-1 | ||
| 909 | |a Ρ |b 052335 |c 1997 | ||